000 01089nam a2200289 i 4500
001 179765
003 ES-MaACL
005 20251010145343.0
008 120119s2011 sp |||| |bspa d
020 _a978-84-9895-131-8
080 _a929 Ayala, Francisco
080 _a821.134.2 Ayala, Francisco 1.07
245 0 0 _aDe este mundo y los otros
_b: estudios sobre Francisco Ayala /
_cLuis García Montero y Milena Rodríguez Gutiérrez (editores).
246 3 0 _aEstudios sobre Francisco Ayala.
_f2011
260 _aMadrid :
_bVisor Libros,
_c[2011]
300 _a355 p. ;
_c21 cm.
490 1 _aBiblioteca filológica hispana ;
_v131
504 _aReferencias bibliográficas.
600 1 4 _aAyala, Francisco,
_d1906-2009
_924111
700 1 _aGarcía Montero, Luis,
_d1958-
_954978
700 1 _aRodríguez, Milena,
_d1971-
_9149134
830 0 _aBiblioteca filológica hispana ;
_v131
_9179654
852 _aES-MaACL
_9186665
_bR.148328
_jA-11908
_dOlim: N-4913
_cDEPO1
942 _2udc
_cMONOGRAFIA
999 _c179765
_d179765